00601nam a22001817a 450000500170000001000150001702000270003203500140005903700130007308200130008610000190009924501050011825000120022326000420023527000800027730000270035750400350038420170213161315.0 aENG-117232 a9789386062345c1095.00 aEN-100764 bDBAD/PUB00a371.90461 aKarten,Toby J.10aInclusion strategies that work ! :cby Tobey J. Kartenbreaschers-based methods for the Classroom / a3rd ed. a New Delhi bSAGE Publications,c2017 aB1/I-1 Mohan Cooperative Industrial Area, Mathura Roadb New Delhi e110044 axix,426p.c28 cm.(pbk) aIncludes references and index.